Statistics for Football Teams Salomon Kalou Played For

Click here to take the quiz!

General Stats

  • This quiz has been taken 10 times
  • The average score is 5 of 9

Answer Stats

LeagueYearsTeam% Correct
England2006-2012Chelsea FC
100%
Netherlands2003-2004Feyenoord
89%
Netherlands2004-2006Feyenoord
89%
France2012-2014LOSC Lille
78%
Germany2014-2020Hertha BSC
56%
Brazil2020-2021Botafogo FR
33%
Netherlands2004Excelsior Rotterdam
33%
Djibouti2022-AS Arta/Solar7
22%
Ivory Coast2000-2003ASEC Mimosas
22%

Score Distribution

Percentile by Number Answered

Percent of People with Each Score

Your Score History

You have not taken this quiz